00590nam a2200193Ia 4500003000900000008004100009040001600050080001700066100001900083245010000102260003300202300001000235500002600245650004100271650002700312650002000339700001600359700002100375IN-BaIIA211028s9999 xx 000 0 eng d cIIA Library a512.9bKRA-2 aKrasnov, M. L. 0aVector analysiscKrasnov M. L., Kiselev A. and Makarenko G. I. ; translated by George Yankovsky aMoscowbMIR Publishersc1981 a190p. aDonated by Mrs. Bappu aAstronomy and Astrophysics Thesaurus aDifferential Equations aVector Analysis aKiselev, A. aMakarenko, G. I.